000 00707cai a22002295a 4500
001 L155738
008 120413s2012 xxk f 000 0 eng d
035 _a(Sirsi) u155738
041 0 _aeng
110 0 _aAutodesk, Inc
245 0 0 _aBuilding information modeling
_h[electronic resource]
260 _aSan Rafael
_bAutodesk
_c2012
520 _aWebsite for BIM software company - products and solutions.
590 _aKA
650 _aBUILDING INFORMATION MODELLING
650 2 4 _aBIM
_96219
651 4 _aUnited States
651 4 _aInternational
690 _aBIM
_96219
856 4 0 _uhttps://usa.autodesk.com/building-information-modeling/
_zView the website here usa.autodesk.com
942 _n0
999 _c113784
_d113784